|
|
|
|
| LEADER |
00000nam0a2200000 4500 |
| 001 |
312772 |
| 005 |
20231102002522.0 |
| 035 |
|
|
|a (RuTPU)RU\TPU\book\338142
|
| 090 |
|
|
|a 312772
|
| 100 |
|
|
|a 20151228d1965 km y0rusy50 ca
|
| 101 |
1 |
|
|a rus
|c eng
|
| 102 |
|
|
|a RU
|
| 105 |
|
|
|a a z 001zy
|
| 200 |
1 |
|
|a Испытание радиоэлектронной аппаратуры и материалов на воздействие климатических и механических условий
|e пер. с англ.
|f А. Даммер, Б. Гриффин
|
| 210 |
|
|
|a Москва
|a Ленинград
|c Энергия
|d 1965
|
| 215 |
|
|
|a 568 с.
|c ил.
|
| 320 |
|
|
|a Библиогр.: с. 533-564
|
| 606 |
1 |
|
|a Радиоэлектронная аппаратура
|x Испытание на надежность
|2 stltpush
|3 (RuTPU)RU\TPU\subj\23433
|9 48030
|
| 610 |
1 |
|
|a внешние воздействия
|
| 610 |
1 |
|
|a окружающая среда
|
| 610 |
1 |
|
|a климатические условия
|
| 610 |
1 |
|
|a планирование
|
| 610 |
1 |
|
|a влажность
|
| 610 |
1 |
|
|a коррозия
|
| 610 |
1 |
|
|a высокая температура
|
| 610 |
1 |
|
|a низкие климатические температуры
|
| 610 |
1 |
|
|a механические воздействия
|
| 610 |
1 |
|
|a удары
|
| 610 |
1 |
|
|a вибрация
|
| 610 |
1 |
|
|a транспортировка
|
| 610 |
1 |
|
|a упаковка
|
| 610 |
1 |
|
|a хранение
|
| 610 |
1 |
|
|a радиация
|
| 610 |
1 |
|
|a высотные условия
|
| 610 |
1 |
|
|a космические условия
|
| 610 |
1 |
|
|a акустика
|
| 610 |
1 |
|
|a шум
|
| 610 |
1 |
|
|a материалы
|
| 610 |
1 |
|
|a защита
|
| 675 |
|
|
|a 621.396.6.019.3
|v 4
|
| 700 |
|
1 |
|a Даммер
|b А.
|
| 701 |
|
1 |
|a Гриффин
|b Б.
|
| 801 |
|
1 |
|a RU
|b 63413507
|c 20151228
|
| 801 |
|
2 |
|a RU
|b 63413507
|c 20171023
|g RCR
|
| 942 |
|
|
|c BK
|